00669nam a2200181 a 450000100100000000500170001000800410002702000180006804000250008611000570011124500460016825000120021426000560022630000210028271000620030395201050036599900170047000004074720201002034341.0130905s2011 sp 000 0 spa d a9788445419588 aDO-SdBNPbspacBNPHU1 aEspaña. Ministerio de Economía y Hacienda96715400aPlan general de contabilidad pública /. a7a. ed. aMadrid :bCentro de Estudios Financieros,c[2011?]. a487 p. ;c28 cm.2 aCentro de Estudios Financieros. Gabinete Técnico967155 001050718MOaGRbGRcCTd2013-09-05iLF1l0o p40747-10r2020-06-25w2020-06-25y1ZNo se presta c40237d40237